000 00806nam a2200253Ia 4500
003 OSt
005 20220918171036.0
006 a|||||r|||| 00| 0
007 ta
008 220917b |||||||| |||| 00| 0 eng d
020 _a9781138185210 (pbk)
_cUKP 24.99
024 _a348,442
037 _b57179, 07/02/2019, Segment Book Distributors
_cTextual
040 _aARTS
_cARTS
_beng
041 _2eng
_aeng
082 _aO111:g(S:52), Q8
100 _aColm Hogan Patrick Au.
_933487
245 0 _aLiterature and emotion
260 _aLondon
_bRoutledge UK
_c2018
300 _a209p.
_ccm.
650 _aECONOMICS; ENGLISH LITERATURE
_933488
942 _hO111:g(S:52), Q8
_cTEXL
_2CC
999 _c137495
_d137495